| 000 | 00476nam a2200181Ia 4500 | ||
|---|---|---|---|
| 001 | 22292 | ||
| 005 | 20260414150821.0 | ||
| 008 | 260414t2014||||xx |||||||||||||| ||spa|| | ||
| 041 | _aESP | ||
| 082 |
_a621.31 _bT78 |
||
| 100 |
_aTrashorras Montecelos, Jesús _eAUT |
||
| 245 | 0 |
_aDesarrollo de redes eléctricas y centros de transformación _b |
|
| 260 | _c2014 | ||
| 300 |
_axiii, 353 páginas : _c27 cm. |
||
| 650 | _aTCA | ||
| 654 | _aCET | ||
| 942 |
_cLIB _dJUS _fJUS _2ddc _n |
||
| 999 |
_c22292 _d22292 |
||